00393nam a2200145Ia 4500082002000000100001600020245003200036260004000068300002000108504002600128650003100154650003000185650001200215700002000227 aRR 912.54 MOO-A aMoonis Raza 0aAtlas of the child in India aNew DelhibConcept Publishingc1986 axx, 475p.: Maps aIncludes bibliography aChildren's atlases - India aIndia - Maps for children aAtlases aNanagia, Sudesh